000 00453nam a22001817a 4500
003 MPLRDC
005 20220104114236.0
008 210129b ||||| |||| 00| 0 eng d
082 _a889 HGCS v.81
100 _aCRAIG THOMAS
245 _a火狐狸
_c汤新华译
250 _a再版
260 _a
_b皇冠出版社
_c1983
300 _b
490 _a当代名著精选. 81
650 _a西洋小说之中文翻译
942 _cBK
_o889 HGCS v.81
999 _c5955
_d5945